Doprava do zamestnania
Medzi oslobodené plnenia pre zamestnancov patrí nepeňažný príjem poskytnutý zamestnávateľom na zabezpečenie dopravy do zamestnania. Ide však o presne určené situácie a spôsob dopravy, ktorá je takýmto oslobodením a zároveň aj daňovým výdavkom u zamestnávateľa. Uvedené je upravené v § 5 ods. 7 písm....
Enregistré dans:
| Auteur principal: | |
|---|---|
| Format: | Chapitre de livre |
| Langue: | slovaque |
| Sujets: | |
| Tags: |
Pas de tags, Soyez le premier à ajouter un tag!
|
MARC
| LEADER | 00000naa a2200000 4500 | ||
|---|---|---|---|
| 001 | 0297666 | ||
| 005 | 20240417075257.7 | ||
| 041 | 0 | |a slo | |
| 044 | |a SK | ||
| 245 | 1 | 0 | |a Doprava do zamestnania |c Miroslava Brnová |
| 520 | |a Medzi oslobodené plnenia pre zamestnancov patrí nepeňažný príjem poskytnutý zamestnávateľom na zabezpečenie dopravy do zamestnania. Ide však o presne určené situácie a spôsob dopravy, ktorá je takýmto oslobodením a zároveň aj daňovým výdavkom u zamestnávateľa. Uvedené je upravené v § 5 ods. 7 písm. m) zákona č. 595/2003 Z. z. o dani z príjmov v znení neskorších predpisov (ďalej len "ZDP") na strane zamestnancov a v § 19 ods. 2 písm. s) prvého bodu ZDP na strane zamestnávateľa. | ||
| 610 | 2 | 0 | |a zamestnanci |
| 610 | 2 | 0 | |a zamestnávatelia |
| 610 | 2 | 0 | |a doprava |
| 610 | 2 | 0 | |a zamestnanie |
| 610 | 2 | 0 | |a výdavky daňové |
| 610 | 2 | 0 | |a dane z príjmov |
| 610 | 2 | 0 | |a oslobodenie od daní |
| 610 | 2 | 0 | |a zákony |
| 100 | 1 | |a Brnová, Miroslava | |